Normal view
MARC view
- الادارة الحديثة-المدير
Entry Topical Term
001 - CONTROL NUMBER
- control field: 36602
003 - CONTROL NUMBER IDENTIFIER
- control field: JO-AjAnu
005 - DATE AND TIME OF LATEST TRANSACTION
- control field: 20230606080118.0
008 - FIXED-LENGTH DATA ELEMENTS
- fixed length control field: 230606|| aca||aabn | a|a d
040 ## - CATALOGING SOURCE
- Original cataloging agency: JO-AjAnu
- Transcribing agency: JO-AjAnu
150 ## - HEADING--TOPICAL TERM
- Topical term or geographic name entry element: الادارة الحديثة-المدير
670 ## - SOURCE DATA FOUND
- Source citation: Work cat.: (JO-AjAnu)18789: فهمي، محمود, author 36601, المدير:نظرات في تطبيق علوم الادارة الحديثة في الاعمال